<?xml version="1.0" encoding="UTF-8"?>
<record
    xmlns:xsi="http://www.w3.org/2001/XMLSchema-instance"
    xsi:schemaLocation="http://www.loc.gov/MARC21/slim http://www.loc.gov/standards/marcxml/schema/MARC21slim.xsd"
    xmlns="http://www.loc.gov/MARC21/slim">

  <leader>01668nam a22002537a 4500</leader>
  <controlfield tag="005">20150205092235.0</controlfield>
  <controlfield tag="008">150205b2014    ck |||||r|||| 00| 0 spa d</controlfield>
  <datafield tag="020" ind1=" " ind2=" ">
    <subfield code="a">9789585763173</subfield>
  </datafield>
  <datafield tag="040" ind1=" " ind2=" ">
    <subfield code="a">Co-BoIAVH</subfield>
    <subfield code="c">Co-BoIAVH</subfield>
  </datafield>
  <datafield tag="041" ind1=" " ind2=" ">
    <subfield code="a">spa</subfield>
  </datafield>
  <datafield tag="044" ind1=" " ind2=" ">
    <subfield code="a">ck</subfield>
  </datafield>
  <datafield tag="082" ind1="0" ind2="4">
    <subfield code="a">363.6</subfield>
    <subfield code="b">U57h</subfield>
  </datafield>
  <datafield tag="110" ind1="2" ind2=" ">
    <subfield code="a">Unidad Nacional para la Gesti&#xF3;n del Riesgo de Desastres</subfield>
    <subfield code="b">Sistema Nacional de Gesti&#xF3;n del Riesgo de Desastres</subfield>
  </datafield>
  <datafield tag="245" ind1="1" ind2="0">
    <subfield code="a">Herramienta metodol&#xF3;gica para la formulaci&#xF3;n de programas de gesti&#xF3;n del riesgo de desastres en los servicios de acueducto, alcantarillado y aseo</subfield>
  </datafield>
  <datafield tag="260" ind1=" " ind2=" ">
    <subfield code="a">Bogot&#xE1;:</subfield>
    <subfield code="b">Unidad Nacional para la Gesti&#xF3;n del Riesgo de Desastres,</subfield>
    <subfield code="c">2014.</subfield>
  </datafield>
  <datafield tag="300" ind1=" " ind2=" ">
    <subfield code="a">64 p.</subfield>
    <subfield code="b">ilustraciones, </subfield>
    <subfield code="c">28 cm.</subfield>
  </datafield>
  <datafield tag="520" ind1=" " ind2=" ">
    <subfield code="a">El presente documento, orientado a los prestadores de servicios p&#xFA;blicos de acueducto, alcantarillado y aseo del pa&#xED;s, es el resultado de un esfuerzo del Ministerio de Vivienda, Ciudad y Territorio, a trav&#xE9;s del Viceministerio de Agua y Saneamiento B&#xE1;sico, en conjunto con entidades como el Fondo de las Naciones Unidas para la Infancia - UNIFEC- con el apoyo de la Unidad Nacional para la Gesti&#xF3;n del Riesgo de Desastres UNGRD de la presidencia de la Rep&#xFA;blica, para formular los programas de gesti&#xF3;n del riesgo de desastres sectoriales.</subfield>
  </datafield>
  <datafield tag="650" ind1=" " ind2="6">
    <subfield code="a">Servicios p&#xFA;blicos domiciliarios</subfield>
    <subfield code="x">Escenarios de riesgos</subfield>
  </datafield>
  <datafield tag="650" ind1=" " ind2="6">
    <subfield code="a">Servicios p&#xFA;blicos domiciliarios</subfield>
    <subfield code="x">Prevenci&#xF3;n de desastres</subfield>
  </datafield>
  <datafield tag="650" ind1=" " ind2="6">
    <subfield code="a">Servicios p&#xFA;blicos</subfield>
    <subfield code="x">Planes de emergencia</subfield>
  </datafield>
  <datafield tag="650" ind1=" " ind2="6">
    <subfield code="a">Acueductos</subfield>
    <subfield code="x">Factores de vulnerabilidad</subfield>
  </datafield>
  <datafield tag="710" ind1="2" ind2=" ">
    <subfield code="a">Colombia. </subfield>
    <subfield code="b"> Ministerio de Vivienda, Ciudad y Territorio.</subfield>
  </datafield>
  <datafield tag="942" ind1=" " ind2=" ">
    <subfield code="2">ddc</subfield>
    <subfield code="c">Folleto</subfield>
  </datafield>
  <datafield tag="999" ind1=" " ind2=" ">
    <subfield code="c">9052</subfield>
    <subfield code="d">9052</subfield>
  </datafield>
  <datafield tag="952" ind1=" " ind2=" ">
    <subfield code="0">0</subfield>
    <subfield code="1">0</subfield>
    <subfield code="2">ddc</subfield>
    <subfield code="4">0</subfield>
    <subfield code="7">0</subfield>
    <subfield code="8">GENERAL</subfield>
    <subfield code="I">INV2017</subfield>
    <subfield code="a">Bogota</subfield>
    <subfield code="b">Bogota</subfield>
    <subfield code="d">2015-02-05</subfield>
    <subfield code="l">0</subfield>
    <subfield code="o">LB-363.6 U57h</subfield>
    <subfield code="p">038666</subfield>
    <subfield code="r">2015-02-05 00:00:00</subfield>
    <subfield code="t">Ej. 1</subfield>
    <subfield code="w">2015-02-05</subfield>
    <subfield code="x">Canje</subfield>
    <subfield code="y">Folleto</subfield>
  </datafield>
</record>
